[Event "Puspokladany Arnoth Memorial 11th"]
[Site "Puspokladany"]
[Date "2018.07.28"]
[Round "6"]
[White "Balazs, Attila2222"]
[Black "Nagy, Zoltan"]
[Result "0-1"]
[WhiteElo "2030"]
[BlackElo "2156"]
[PlyCount "78"]
[EventDate "2018.07.25"]
[EventType "swiss"]
[EventRounds "9"]
[EventCountry "HUN"]
[SourceTitle "CBM 186 Extra"]
[Source "ChessBase"]
[SourceDate "2018.08.24"]
[SourceVersion "1"]
[SourceVersionDate "2018.08.24"]
[SourceQuality "1"]

1. e4 c5 2. Nf3 d6 3. c3 Nf6 4. Bb5+ Nc6 5. Qe2 Bd7 6. d4 cxd4 7. Nxd4 e5 8. Nc2 Be7 9. 0-0 h6 10. Nd2 0-0 11. Ne3 Be6 12. Nf5 Re8 13. Nxe7+ Rxe7 14. Re1 Qc7 15. Nf1 a6 16. Bd3 Rae8 17. Ne3 Rd7 18. g4 d5 19. exd5 Nxd5 20. Nxd5 Bxd5 21. Bf5 Be6 22. Bc2 Ne7 23. h3 f6 24. Qe4 Kf8 25. Qb4 Kf7 26. Be3 Qc4 27. Qxc4 Bxc4 28. b3 Bd3 29. Red1 Red8 30. Rac1 Ke6 31. Bb6 Bxc2 32. Rxd7 Rxd7 33. Rxc2 Rd3 34. Kg2 Nd5 35. Be3 Rxe3 36. c4 Nf4+ 37. Kh2 Rxh3+ 38. Kg1 Rd3 39. c5 Rc3 0-1

[Event "Puspokladany Arnoth Memorial 11th"]
[Site "Puspokladany"]
[Date "2018.07.25"]
[Round "1"]
[White "Nagy, Zoltan"]
[Black "Nadhazi, Imre"]
[Result "1-0"]
[WhiteElo "2156"]
[BlackElo "1884"]
[PlyCount "125"]
[EventDate "2018.07.25"]
[EventType "swiss"]
[EventRounds "9"]
[EventCountry "HUN"]
[SourceTitle "CBM 186 Extra"]
[Source "ChessBase"]
[SourceDate "2018.08.24"]
[SourceVersion "1"]
[SourceVersionDate "2018.08.24"]
[SourceQuality "1"]

1. e4 e5 2. Nf3 Nc6 3. Bc4 Nf6 4. d3 Be7 5. 0-0 0-0 6. c3 d6 7. a4 h6 8. Re1 Be6 9. Nbd2 Bxc4 10. Nxc4 Re8 11. Qc2 Bf8 12. Bd2 Ne7 13. d4 Ng6 14. Rad1 Nd7 15. g3 c5 16. dxe5 dxe5 17. Ne3 Qc7 18. Nd5 Qc6 19. Be3 Rad8 20. c4 b6 21. Re2 Ne7 22. Ne1 Nxd5 23. cxd5 Qg6 24. Ng2 Nf6 25. f3 Bd6 26. Nh4 Qh5 27. Rf1 Kh8 28. Nf5 Ng8 29. Rg2 f6 30. h4 Qf7 31. h5 Ne7 32. g4 Nxf5 33. gxf5 Rc8 34. b3 c4 35. bxc4 Bc5 36. Bxc5 Rxc5 37. Qb3 Rec8 38. Rc1 Qxh5 39. Rg6 Qh4 40. Kg2 Qf4 41. Rc2 h5 42. Qd3 Rd8 43. Qf1 Qe3 44. Qh1 Rxc4 45. Qxh5+ Kg8 46. Rxc4 Qe2+ 47. Kg3 Qe1+ 48. Kh2 Qe2+ 49. Rg2 Qxc4 50. Qg6 Qc7 51. Qxf6 Rd6 52. Rxg7+ Qxg7 53. Qxd6 Qg5 54. Qxe5 Qd2+ 55. Kh3 Qh6+ 56. Kg4 Qh1 57. Qe8+ Kg7 58. Qe7+ Kg8 59. f6 Qg2+ 60. Kf4 Qh2+ 61. Kf5 Qh5+ 62. Ke6 Qh3+ 63. Kd6 1-0

[Event "HUN-chT2 Charousek 1718"]
[Site "Hungary"]
[Date "2018.05.06"]
[Round "9.9"]
[White "Nagy, Zoltan"]
[Black "Bartha, Sandor"]
[Result "1/2-1/2"]
[WhiteElo "2120"]
[BlackElo "2030"]
[PlyCount "20"]
[EventDate "2017.10.29"]
[EventType "team-tourn"]
[EventRounds "9"]
[EventCountry "HUN"]
[SourceTitle "EXT 2020"]
[Source "ChessBase"]
[SourceDate "2019.10.17"]
[SourceVersion "1"]
[SourceVersionDate "2019.10.17"]
[SourceQuality "1"]
[WhiteTeam "Tapolca Rockwool"]
[BlackTeam "Balatonfuered"]
[WhiteTeamCountry "HUN"]
[BlackTeamCountry "HUN"]

1. e4 c5 2. Nf3 d6 3. d4 cxd4 4. Nxd4 Nf6 5. Nc3 a6 6. Be3 e6 7. f4 Qc7 8. Qf3 Nc6 9. 0-0-0 Bd7 10. Rg1 Nxd4 1/2-1/2

[Event "Budapest-chT1 Lilienthal 1718"]
[Site "Budapest"]
[Date "2018.01.21"]
[Round "7"]
[White "Nagy, Zoltan"]
[Black "Tornai, Imre"]
[Result "1/2-1/2"]
[WhiteElo "2142"]
[BlackElo "2083"]
[PlyCount "20"]
[EventDate "2017.10.01"]
[EventType "team-tourn"]
[EventRounds "13"]
[EventCountry "HUN"]
[SourceTitle "EXT 2021"]
[Source "ChessBase"]
[SourceDate "2020.10.23"]
[SourceVersion "1"]
[SourceVersionDate "2020.10.23"]
[SourceQuality "1"]
[WhiteTeam "Aquarena III"]
[BlackTeam "Budapest Ujpest KSE"]
[WhiteTeamCountry "HUN"]
[BlackTeamCountry "HUN"]

1. e4 e5 2. Nf3 Nc6 3. Bb5 a6 4. Bxc6 dxc6 5. 0-0 Qd6 6. d4 exd4 7. Qxd4 Qxd4 8. Nxd4 Bd7 9. Nc3 0-0-0 10. Be3 Nf6 1/2-1/2

[Event "HUN-chT Csongrad Region"]
[Site "Hungary"]
[Date "2016.04.24"]
[Round "9.2"]
[White "Tenk, Zoltan"]
[Black "Nagy, Zoltan"]
[Result "1/2-1/2"]
[WhiteElo "1947"]
[BlackElo "1705"]
[PlyCount "114"]
[EventDate "2015.09.20"]
[EventType "team-tourn"]
[EventRounds "9"]
[EventCountry "HUN"]
[SourceTitle "EXT 2017"]
[Source "ChessBase"]
[SourceDate "2016.10.25"]
[SourceVersion "1"]
[SourceVersionDate "2016.10.25"]
[SourceQuality "1"]

1. e4 e5 2. Nf3 Nc6 3. d4 exd4 4. Bc4 h6 5. c3 dxc3 6. Qb3 Qf6 7. Nxc3 Bb4 8. 0-0 Bxc3 9. bxc3 Nge7 10. e5 Qg6 11. Ba3 0-0 12. Rad1 Rd8 13. Bxe7 Nxe7 14. Bxf7+ Qxf7 15. e6 Qf6 16. exd7+ Kh8 17. dxc8Q Raxc8 18. Qxb7 Qxc3 19. Qxa7 Ra8 20. Rxd8+ Rxd8 21. h3 Ng6 22. Re1 Kh7 23. Qe3 Qxe3 24. Rxe3 Ra8 25. Rc3 Rxa2 26. Rxc7 Ra1+ 27. Kh2 Ra2 28. Kg3 Re2 29. h4 Re4 30. Rd7 Nf4 31. Kh2 Ng6 32. g3 Ne5 33. Nxe5 Rxe5 34. g4 Re2 35. Kg3 Re1 36. h5 Rg1+ 37. Kf4 Rg2 38. f3 Rf2 39. Rd3 Rg2 40. Kf5 Rb2 41. Re3 Rb6 42. Re6 Rb3 43. f4 Rf3 44. Re7 Rf2 45. Re1 Rf3 46. Re6 Rf2 47. Rg6 Rh2 48. Ke6 Rb2 49. g5 hxg5 50. Rxg5 Rb6+ 51. Kf5 Rf6+ 52. Kg4 Rc6 53. Re5 Rc1 54. Rg5 Kh6 55. Rg6+ Kh7 56. f5 Rg1+ 57. Kf4 Rf1+ 1/2-1/2

[Event "HUN-chT Csongrad Region"]
[Site "Hungary"]
[Date "2016.04.10"]
[Round "8.5"]
[White "Nagy, Zoltan"]
[Black "Vanya, Janos"]
[Result "0-1"]
[WhiteElo "1705"]
[BlackElo "1919"]
[PlyCount "62"]
[EventDate "2015.09.20"]
[EventType "team-tourn"]
[EventRounds "9"]
[EventCountry "HUN"]
[SourceTitle "EXT 2017"]
[Source "ChessBase"]
[SourceDate "2016.10.25"]
[SourceVersion "1"]
[SourceVersionDate "2016.10.25"]
[SourceQuality "1"]

1. e4 c5 2. Nf3 d6 3. Bb5+ Bd7 4. a4 Nc6 5. c3 Nf6 6. d3 e6 7. Bg5 Be7 8. Bxf6 Bxf6 9. 0-0 0-0 10. Nbd2 a6 11. Bxc6 Bxc6 12. Re1 b5 13. axb5 axb5 14. d4 Qb6 15. Nb3 Rxa1 16. Nxa1 Ra8 17. Nc2 Ra2 18. Qb1 Ra8 19. Qd1 Qb7 20. e5 Be7 21. Ne3 Rd8 22. Qe2 b4 23. exd6 Bxd6 24. dxc5 Bxc5 25. Rd1 Ra8 26. Nd4 Bxd4 27. Rxd4 bxc3 28. bxc3 h6 29. f3 Qb3 30. Qd3 Qb6 31. Kf2 h5 0-1

[Event "HUN-chT2 Charousek 1516"]
[Site "Hungary"]
[Date "2015.11.29"]
[Round "3.9"]
[White "Szukics, Adam"]
[Black "Nagy, Zoltan"]
[Result "1-0"]
[WhiteElo "1947"]
[BlackElo "2129"]
[PlyCount "79"]
[EventDate "2015.10.18"]
[EventType "team-tourn"]
[EventRounds "9"]
[EventCountry "HUN"]
[SourceTitle "CBM 170 Extra"]
[Source "ChessBase"]
[SourceDate "2016.02.25"]
[SourceVersion "1"]
[SourceVersionDate "2016.02.25"]
[SourceQuality "1"]
[WhiteTeam "Haladas II"]
[BlackTeam "Tapolca Rockwool"]
[WhiteTeamCountry "HUN"]
[BlackTeamCountry "HUN"]

1. e4 c5 2. Nf3 d6 3. d4 cxd4 4. Nxd4 Nf6 5. Nc3 a6 6. Be3 e5 7. Nf3 Qc7 8. a4 Be7 9. Be2 h6 10. 0-0 0-0 11. a5 Be6 12. Nd5 Nxd5 13. exd5 Bg4 14. h3 Bxf3 15. Bxf3 Nd7 16. Be2 f5 17. f3 Rae8 18. c4 Bf6 19. Qc2 e4 20. f4 g6 21. Ra3 Nc5 22. b4 Nd3 23. Bb6 Qc8 24. Rb3 Rf7 25. Kh1 h5 26. c5 Qd7 27. Bxd3 exd3 28. Qxd3 Re4 29. cxd6 Qxd6 30. Bc5 Qc7 31. Qg3 Kh7 32. Re3 Qd7 33. Rd1 Be7 34. Rxe4 fxe4 35. d6 Bd8 36. Qe3 Qf5 37. Re1 Qxf4 38. Qxe4 Qg3 39. Qe8 Qf4 40. Qxd8 1-0

[Event "HUN-chT Csongrad Region"]
[Site "Hungary"]
[Date "2015.11.15"]
[Round "4.4"]
[White "Bodicsi, Barna"]
[Black "Nagy, Zoltan"]
[Result "0-1"]
[WhiteElo "1677"]
[BlackElo "1705"]
[PlyCount "58"]
[EventDate "2015.09.20"]
[EventType "team-tourn"]
[EventRounds "9"]
[EventCountry "HUN"]
[SourceTitle "EXT 2017"]
[Source "ChessBase"]
[SourceDate "2016.10.25"]
[SourceVersion "1"]
[SourceVersionDate "2016.10.25"]
[SourceQuality "1"]

1. c4 Nf6 2. Nc3 e5 3. d3 Bc5 4. Nf3 d6 5. Bg5 h6 6. Bxf6 Qxf6 7. Ne4 Qe7 8. g3 Bb4+ 9. Nfd2 f5 10. Nc3 c6 11. Bg2 0-0 12. 0-0 f4 13. Qb3 Bc5 14. Nde4 Bd4 15. c5+ d5 16. Kh1 Na6 17. Rae1 Be6 18. Nd6 Nxc5 19. Qc2 Qxd6 20. e3 Bxc3 21. Qxc3 f3 22. d4 Ne4 23. Qd3 fxg2+ 24. Kxg2 Ng5 25. Kh1 e4 26. Qe2 Nf3 27. Rd1 Bg4 28. Qc2 Qg6 29. Qb3 Nxh2 0-1

[Event "HUN-chT Csongrad Region"]
[Site "Hungary"]
[Date "2015.09.27"]
[Round "2.3"]
[White "Udvardi, Zalan"]
[Black "Nagy, Zoltan"]
[Result "1-0"]
[WhiteElo "1879"]
[BlackElo "1705"]
[PlyCount "49"]
[EventDate "2015.09.20"]
[EventType "team-tourn"]
[EventRounds "9"]
[EventCountry "HUN"]
[SourceTitle "EXT 2017"]
[Source "ChessBase"]
[SourceDate "2016.10.25"]
[SourceVersion "1"]
[SourceVersionDate "2016.10.25"]
[SourceQuality "1"]

1. e4 c5 2. Nf3 Nc6 3. c3 d6 4. d4 cxd4 5. cxd4 d5 6. exd5 Qxd5 7. Nc3 Qd8 8. d5 Nb8 9. Bf4 a6 10. a4 Nd7 11. Bc4 Nb6 12. Bb3 e6 13. d6 Bd7 14. 0-0 Nf6 15. a5 Nc8 16. Re1 h6 17. Nd5 Nxd5 18. Qxd5 Qf6 19. Be5 Qd8 20. Qd4 f6 21. Bg3 Kf7 22. Rac1 Bxd6 23. Bxd6 Nxd6 24. Qxd6 Re8 25. Rc7 1-0

[Event "HUN-chT2 Charousek 1415"]
[Site "Hungary"]
[Date "2015.02.08"]
[Round "6"]
[White "Thurmer, Jeno"]
[Black "Nagy, Zoltan"]
[Result "0-1"]
[WhiteElo "2093"]
[BlackElo "2121"]
[PlyCount "72"]
[EventDate "2014.10.12"]
[EventType "team-tourn"]
[EventRounds "9"]
[EventCountry "HUN"]
[SourceTitle "EXT 2016"]
[Source "ChessBase"]
[SourceDate "2015.10.08"]
[SourceVersion "1"]
[SourceVersionDate "2015.10.08"]
[SourceQuality "1"]
[WhiteTeam "Komlo"]
[BlackTeam "Tapolca"]
[WhiteTeamCountry "HUN"]
[BlackTeamCountry "HUN"]

1. d4 Nf6 2. c4 e6 3. Nf3 b6 4. g3 Bb7 5. Bg2 Be7 6. 0-0 0-0 7. Nc3 Ne4 8. Qc2 Nxc3 9. Qxc3 c5 10. Be3 Qc7 11. Rfd1 d6 12. d5 e5 13. Qc2 Nd7 14. Bh3 Bc8 15. a4 a5 16. Nd2 Nf6 17. Bxc8 Raxc8 18. Qf5 Qd7 19. Qxd7 Nxd7 20. Ne4 h6 21. Nc3 f5 22. Nb5 g5 23. Bd2 Kh7 24. Ra3 Kg6 25. h3 Rfe8 26. Kg2 Bf8 27. g4 Nf6 28. f3 f4 29. Rh1 e4 30. e3 exf3+ 31. Kxf3 Re4 32. b3 fxe3 33. Bxe3 Rce8 34. Bf2 Rf4+ 35. Kg2 Re2 36. Nc3 Rexf2+ 0-1

[Event "HUN-chT2 Charousek 1314"]
[Site "Hungary"]
[Date "2014.03.02"]
[Round "8"]
[White "Horvath, Tamas4444"]
[Black "Nagy, Zoltan"]
[Result "1/2-1/2"]
[WhiteElo "2204"]
[BlackElo "2175"]
[PlyCount "26"]
[EventDate "2013.09.08"]
[EventType "team-tourn"]
[EventRounds "11"]
[EventCountry "HUN"]
[SourceTitle "EXT 2016"]
[Source "ChessBase"]
[SourceDate "2015.10.08"]
[SourceVersion "1"]
[SourceVersionDate "2015.10.08"]
[SourceQuality "1"]
[WhiteTeam "Gyor Elektromos"]
[BlackTeam "Tapolca"]
[WhiteTeamCountry "HUN"]
[BlackTeamCountry "HUN"]

1. d4 Nf6 2. c4 e6 3. g3 d5 4. Nf3 Be7 5. Bg2 0-0 6. 0-0 c6 7. Qc2 Nbd7 8. Rd1 b6 9. b3 Ba6 10. Nbd2 Rc8 11. e4 c5 12. exd5 exd5 13. dxc5 Bxc5 1/2-1/2

[Event "HUN-chT2 Charousek 1314"]
[Site "Hungary"]
[Date "2014.02.02"]
[Round "6"]
[White "Buzeti, Jernej"]
[Black "Nagy, Zoltan"]
[Result "1-0"]
[WhiteElo "2241"]
[BlackElo "2175"]
[PlyCount "67"]
[EventDate "2013.09.08"]
[EventType "team-tourn"]
[EventRounds "11"]
[EventCountry "HUN"]
[SourceTitle "EXT 2016"]
[Source "ChessBase"]
[SourceDate "2015.10.08"]
[SourceVersion "1"]
[SourceVersionDate "2015.10.08"]
[SourceQuality "1"]
[WhiteTeam "Alsoszolnok"]
[BlackTeam "Tapolca"]
[WhiteTeamCountry "HUN"]
[BlackTeamCountry "HUN"]

1. e4 c5 2. Nf3 d6 3. d4 cxd4 4. Nxd4 Nf6 5. Nc3 a6 6. Be3 e5 7. Nb3 Be6 8. f4 exf4 9. Bxf4 Nc6 10. Qe2 Be7 11. h3 0-0 12. 0-0-0 Qc7 13. g4 Rfe8 14. g5 Nd7 15. Qg2 Bf8 16. Nd5 Bxd5 17. exd5 Nce5 18. h4 b5 19. h5 b4 20. Nd4 a5 21. g6 fxg6 22. Ne6 Qb7 23. hxg6 Nxg6 24. Qh2 Nf6 25. Bd3 Nxf4 26. Bxh7+ Kf7 27. Qxf4 Rxe6 28. dxe6+ Kxe6 29. Rhe1+ Kd7 30. Bf5+ Kc7 31. Be4 Nxe4 32. Rxe4 Rd8 33. Rde1 Qc8 34. Rc4+ 1-0

[Event "HUN-chT2 Charousek 1314"]
[Site "Hungary"]
[Date "2013.09.22"]
[Round "2"]
[White "Ngo Tan, Don"]
[Black "Nagy, Zoltan"]
[Result "1-0"]
[WhiteElo "2173"]
[BlackElo "2175"]
[PlyCount "61"]
[EventDate "2013.09.08"]
[EventType "team-tourn"]
[EventRounds "11"]
[EventCountry "HUN"]
[SourceTitle "EXT 2016"]
[Source "ChessBase"]
[SourceDate "2015.10.08"]
[SourceVersion "1"]
[SourceVersionDate "2015.10.08"]
[SourceQuality "1"]
[WhiteTeam "Budapest EAC"]
[BlackTeam "Tapolca"]
[WhiteTeamCountry "HUN"]
[BlackTeamCountry "HUN"]

1. e4 c5 2. c4 Nc6 3. Nc3 d6 4. Nge2 e5 5. d3 f5 6. g3 Nf6 7. Bg2 Be7 8. 0-0 0-0 9. f4 fxe4 10. dxe4 Nd4 11. f5 Ne8 12. Nd5 Bg5 13. Nxd4 cxd4 14. Qd3 Rf7 15. Bf3 g6 16. fxg6 hxg6 17. Bxg5 Qxg5 18. Bg2 Qd8 19. Rxf7 Kxf7 20. Rf1+ Kg7 21. Qf3 Be6 22. Qf8+ Kh7 23. Ne7 Ng7 24. Qf6 Qe8 25. Qh4+ Nh5 26. Bf3 Bxc4 27. Bxh5 Bxf1 28. Bxg6+ Kg7 29. Qh7+ Kf6 30. Nd5+ Kg5 31. Qh5# 1-0

[Event "HUN-chT2 Szechenyi 1213"]
[Site "Hungary"]
[Date "2012.11.04"]
[Round "3.3"]
[White "Nagy, Zoltan"]
[Black "Kiss, Judit"]
[Result "1/2-1/2"]
[WhiteElo "2193"]
[BlackElo "1998"]
[PlyCount "42"]
[EventDate "2012.09.16"]
[EventType "team-tourn"]
[EventRounds "11"]
[EventCountry "HUN"]
[SourceTitle "EXT 2014"]
[Source "ChessBase"]
[SourceDate "2013.11.20"]
[SourceVersion "1"]
[SourceVersionDate "2013.11.20"]
[SourceQuality "1"]
[WhiteTeam "Tapolca"]
[BlackTeam "Keszthely"]
[WhiteTeamCountry "HUN"]
[BlackTeamCountry "HUN"]

1. e4 e6 2. d4 d5 3. Nd2 Be7 4. c3 c5 5. dxc5 Bxc5 6. Nb3 Bb6 7. exd5 exd5 8. Nf3 Nc6 9. Be2 h6 10. 0-0 Nf6 11. Qd3 0-0 12. Be3 Bg4 13. Nbd4 Nxd4 14. Bxd4 Re8 15. h3 Bh5 16. Rfe1 Ne4 17. Qb5 Bxd4 18. Nxd4 Qh4 19. Bxh5 Qxf2+ 20. Kh2 Qg3+ 21. Kg1 Qf2+ 1/2-1/2

[Event "HUN-chT2 Szechenyi 1112"]
[Site "Hungary"]
[Date "2012.05.20"]
[Round "11.1"]
[White "Kokai, Miklos"]
[Black "Nagy, Zoltan"]
[Result "0-1"]
[WhiteElo "1900"]
[BlackElo "2241"]
[PlyCount "42"]
[EventDate "2011.09.25"]
[EventType "team-tourn"]
[EventRounds "11"]
[EventCountry "HUN"]
[SourceTitle "EXT 2013"]
[Source "ChessBase"]
[SourceDate "2012.11.22"]
[SourceVersion "1"]
[SourceVersionDate "2012.11.22"]
[SourceQuality "1"]
[WhiteTeam "Zalakaros"]
[BlackTeam "Tapolca"]
[WhiteTeamCountry "HUN"]
[BlackTeamCountry "HUN"]

1. d4 Nf6 2. Nf3 e6 3. Bf4 b6 4. e3 Bb7 5. Bd3 Be7 6. Nbd2 Nh5 7. Bg3 c5 8. Bxb8 Rxb8 9. 0-0 0-0 10. a4 g6 11. a5 Qc7 12. axb6 axb6 13. c4 f5 14. b3 Bf6 15. Qe2 cxd4 16. exd4 Nf4 17. Qe3 g5 18. Ne1 g4 19. Rc1 Bg5 20. Qg3 d6 21. Rc2 Nh5 0-1

[Event "HUN-chT2 Szechenyi 1112"]
[Site "Hungary"]
[Date "2012.03.12"]
[Round "7.2"]
[White "Nagy, Zoltan"]
[Black "Gjuran, Denis"]
[Result "0-1"]
[WhiteElo "2241"]
[BlackElo "2316"]
[PlyCount "66"]
[EventDate "2011.09.25"]
[EventType "team-tourn"]
[EventRounds "11"]
[EventCountry "HUN"]
[SourceTitle "EXT 2013"]
[Source "ChessBase"]
[SourceDate "2012.11.22"]
[SourceVersion "1"]
[SourceVersionDate "2012.11.22"]
[SourceQuality "1"]
[WhiteTeam "Tapolca"]
[BlackTeam "Alsoszolnok"]
[WhiteTeamCountry "HUN"]
[BlackTeamCountry "HUN"]

1. e4 c5 2. Nf3 g6 3. d4 cxd4 4. Nxd4 Nc6 5. Nc3 Bg7 6. Be3 Nf6 7. Bc4 0-0 8. Bb3 a5 9. f3 d5 10. Bxd5 Nxd5 11. exd5 Nb4 12. Nde2 e6 13. Qd2 exd5 14. a3 d4 15. 0-0-0 Nxc2 16. Qxc2 Bf5 17. Qb3 dxc3 18. Nxc3 Qe7 19. Rhe1 a4 20. Qa2 Rfc8 21. Bd2 Qd6 22. Bg5 Qc5 23. Be3 Bxc3 24. Bxc5 Bxe1 25. Rxe1 Rxc5+ 26. Kd1 Rd8+ 27. Ke2 Rc2+ 28. Ke3 Re8+ 29. Kf4 Rxe1 30. Qd5 Rxg2 31. Qxb7 Be6 32. h4 h6 33. Qc8+ Bxc8 0-1

[Event "HUN-chT2 Toth 1112"]
[Site "Hungary"]
[Date "2012.02.19"]
[Round "6.1"]
[White "Ondok, Laszlo"]
[Black "Nagy, Zoltan"]
[Result "0-1"]
[WhiteElo "2242"]
[BlackElo "2081"]
[PlyCount "110"]
[EventDate "2011.09.25"]
[EventType "team-tourn"]
[EventRounds "11"]
[EventCountry "HUN"]
[SourceTitle "EXT 2013"]
[Source "ChessBase"]
[SourceDate "2012.11.22"]
[SourceVersion "1"]
[SourceVersionDate "2012.11.22"]
[SourceQuality "1"]
[WhiteTeam "Keviterv"]
[BlackTeam "Maroczy II"]
[WhiteTeamCountry "HUN"]
[BlackTeamCountry "HUN"]

1. e4 e5 2. Nf3 Nc6 3. d4 exd4 4. Bc4 Nf6 5. 0-0 d6 6. Nxd4 Nxd4 7. Qxd4 Be6 8. Nc3 Bxc4 9. Qxc4 Qd7 10. Rd1 Qc6 11. Qd4 Be7 12. e5 dxe5 13. Qxe5 Qc5 14. Nd5 0-0-0 15. Qxe7 Rxd5 16. Qe2 Rxd1+ 17. Qxd1 Rd8 18. Qe2 Qd4 19. g3 Re8 20. c3 Rxe2 21. cxd4 Re1+ 22. Kg2 Rd1 23. b3 Rxd4 24. Be3 Rd3 25. Kf3 a6 26. Rc1 Rd7 27. Rc4 Nd5 28. Bc5 b6 29. Bf8 f5 30. h4 c5 31. a4 a5 32. Bxc5 bxc5 33. Rxc5+ Kb7 34. Rxa5 g6 35. Rc5 Kb6 36. Rb5+ Kc6 37. g4 Rf7 38. g5 Re7 39. Rb8 Re4 40. h5 Rb4 41. Rc8+ Kd6 42. h6 Rxb3+ 43. Ke2 Rb7 44. a5 Nc7 45. Rd8+ Kc6 46. Rc8 Kb5 47. f4 Kxa5 48. Rh8 Ne6 49. Ke3 Re7 50. Kf3 Kb5 51. Kg3 Kc5 52. Kf3 Kd5 53. Kg3 Ke4 54. Rg8 Nxf4 55. Kh4 Ne6 0-1

[Event "HUN-chT2 Szechenyi 1112"]
[Site "Hungary"]
[Date "2011.11.27"]
[Round "4.1"]
[White "Sardy, Peter"]
[Black "Nagy, Zoltan"]
[Result "1-0"]
[WhiteElo "2360"]
[BlackElo "2241"]
[PlyCount "61"]
[EventDate "2011.09.25"]
[EventType "team-tourn"]
[EventRounds "11"]
[EventCountry "HUN"]
[SourceTitle "EXT 2013"]
[Source "ChessBase"]
[SourceDate "2012.11.22"]
[SourceVersion "1"]
[SourceVersionDate "2012.11.22"]
[SourceQuality "1"]
[WhiteTeam "Lovo"]
[BlackTeam "Tapolca"]
[WhiteTeamCountry "HUN"]
[BlackTeamCountry "HUN"]

1. e4 c5 2. Nf3 d6 3. d4 cxd4 4. Nxd4 Nf6 5. Nc3 a6 6. Bc4 e6 7. Bb3 b5 8. Bg5 Nbd7 9. Qf3 Bb7 10. 0-0-0 Nc5 11. Rhe1 Be7 12. Qh3 b4 13. Na4 Nxb3+ 14. axb3 Qa5 15. e5 dxe5 16. Nxe6 fxe6 17. Qxe6 Rd8 18. Rxd8+ Qxd8 19. Qxe5 Rf8 20. Rd1 Qc8 21. Nb6 Qc5 22. Bxf6 Rxf6 23. Qb8+ Kf7 24. Nd7 Qg5+ 25. Kb1 Bxg2 26. Ne5+ Ke6 27. Re1 Kf5 28. Qe8 Re6 29. Nf3 Qf6 30. Rxe6 Qxe6 31. Nd4+ 1-0